|
|
|
|
| LEADER |
01691nam a2200325 a 4500 |
| 001 |
13524167 |
| 008 |
110115s2004 njua b 001 0 eng d |
| 010 |
|
|
|a 2004297572
|
| 040 |
|
|
|a DPL
|c DPL
|d ZCU
|d DLC
|d BD-DhAAL
|
| 020 |
|
|
|a 9812530711
|
| 020 |
|
|
|a 0471489050 :
|c $120.00
|
| 082 |
0 |
4 |
|a 005.13/3
|2 22
|
| 100 |
1 |
|
|a Silberschatz, Abraham.
|
| 245 |
1 |
0 |
|a Operating system concepts with Java /
|c Abraham Silberschatz, Peter Baer Galvin, Greg Gagne.
|
| 250 |
|
|
|a 6th ed.
|
| 260 |
|
|
|a Hoboken, N.J. :
|b John Wiley & Sons,
|c c2004.
|
| 300 |
|
|
|a xxiii, 952 p. :
|b ill. ;
|c 25 cm.
|
| 500 |
|
|
|a "This text blends the material from the sixth edition of Operating system concepts (OSC) and the first edition of Applied operating system concepts (AOSC)"--P. x.
|
| 504 |
|
|
|a Includes bibliographical references (p. 873-899) and index.
|
| 541 |
1 |
|
|e 00013163
|
| 650 |
|
0 |
|a Java (Computer program language)
|
| 650 |
|
0 |
|a Operating systems (Computers)
|
| 700 |
1 |
|
|a Galvin, Peter B.
|
| 700 |
1 |
|
|a Gagne, Greg.
|
| 852 |
|
|
|a Ayesha Abed library
|c General Shelf.
|
| 942 |
0 |
0 |
|0 4
|
| 999 |
|
|
|c 10307
|d 10307
|
| 952 |
|
|
|0 0
|1 0
|2 ddc
|4 0
|6 005_133000000000000_SIL
|7 0
|9 13865
|a BRACUL
|b BRACUL
|c GEN
|d 2011-01-15
|l 18
|m 152
|o 005.133 SIL
|p 3010013163
|r 2026-01-18
|s 2025-10-19
|t 1
|w 2011-01-15
|y BK
|x Price not available in Register
|
| 952 |
|
|
|0 0
|1 0
|2 ddc
|4 0
|6 005_133000000000000_SIL
|7 0
|9 13898
|a BRACUL
|b BRACUL
|c GEN
|d 2011-01-15
|g 715.00
|l 18
|m 185
|o 005.133 SIL
|p 3010013412
|q 2026-05-14
|r 2025-10-27
|s 2025-10-27
|t 2
|w 2011-01-15
|y BK
|
| 952 |
|
|
|0 0
|1 0
|2 ddc
|4 0
|6 005_133000000000000_SIL
|7 0
|9 13899
|a BRACUL
|b BRACUL
|c GEN
|d 2011-01-15
|l 18
|m 231
|o 005.133 SIL
|p 3010013162
|r 2025-10-20
|s 2025-02-12
|t 3
|w 2011-01-15
|y BK
|x Price not available in Register
|